| 000 | 00460nam a2200145 i 4500 | ||
|---|---|---|---|
| 001 | 24111 | ||
| 003 | ES-MaACL | ||
| 005 | 20230906153007.0 | ||
| 007 | t| | ||
| 008 | 021216s1905 sp ||||1| spa d | ||
| 245 | 0 | 0 | _aAnteproyecto para la formación de una Ley que rija la explotación de las grandes fincas rústicas por Sociedades colectivas. |
| 260 |
_aSevilla : _bFrancisco de P. Díaz, _c1905. |
||
| 300 |
_a36 p. ; _c22 cm. |
||
| 852 |
_aES-MaACL _jF-10656 |
||
| 999 |
_c24111 _d24111 |
||